000 01282 a2200265 4500
001 232
005 20260407155415.0
008 260407a2009 arg spa d
003 AR-UNSa-BCEJYS
040 _aAR-UNSa-BCEJYS
_bspa
_cAR-UNSa-BCEJYS
080 _a512
_xAlgebra
245 1 0 _aAlgebra y trigonometría con geometría analítica
020 _a978-970-830-039-1
250 _a12a. ed.
264 1 _aMéxico :
_bCengage Learning Editores
_c2009
300 _axvi, 902 p.
_c26 cm
505 _a1. Conceptos fundamentales de álgebra - 2. Ecuaciones y desigualdades - 3. Funciones y gráficas - 4. Polinomios y funciones racionales - 5. Funciones inversas, exponenciales y logarítmicas - 6. Las funciones trigonométricas - 7. Trigonometría analítica - 8. Aplicaciones en trigonometría - 9. Sistemas de ecuaciones y desigualdades - 10. Sucesiones, series y probabilidad - 11. Temas de geometría analítica
041 _aspa
942 _cBK
590 _aniveau_biblio:m niveau_hierar:0
100 1 _aSwokowski, Earl W.
700 1 _aCole, Jeffery A.
700 1 _aRomo Muñoz, Jorge Humberto
856 4 1 _uhttps://biblioeco.unsa.edu.ar/pmb/images/libros/Algebra y trigonometr?a con geometr?a anal?tica Swokowski, Earl W. (2009).jpg
_yImagen de portada
_qimage/jpeg
999 _c147
_d147